000 00330nam a2200133Ia 4500
008 210210b1974 xxu||||| |||| 00| 0 eng d
082 _a820.43 NARR
100 _aNARAYAN (R K).
245 _aReluctant guru.
260 _aDelhi
_bHind Pocket Book Ltd.,
_c1974
300 _a173
690 _aIndian English Prose
906 _a031664
999 _c82608
_d82608